MARC details
| 000 -CABECERA |
| campo de control de longitud fija |
02199nam a2200241 a 4500 |
| 001 - NÚMERO DE CONTROL |
| campo de control |
000000438 |
| 003 - IDENTIFICADOR DEL NÚMERO DE CONTROL |
| campo de control |
DO-SdBNP |
| 005 - FECHA Y HORA DE LA ÚLTIMA TRANSACCIÓN |
| campo de control |
20231226124527.0 |
| 008 - DATOS DE LONGITUD FIJA--INFORMACIÓN GENERAL |
| campo de control de longitud fija |
081218s1979 dr a 000 0 spa d |
| 040 ## - FUENTE DE LA CATALOGACIÓN |
| Centro catalogador/agencia de origen |
DO-SdBNP |
| Lengua de catalogación |
spa |
| Centro/agencia transcriptor |
BNPHU |
| 082 ## - NÚMERO DE LA CLASIFICACIÓN DECIMAL DEWEY |
| Número de clasificación |
133.9 |
| Número de documento/Ítem |
C352o |
| 100 1# - ENTRADA PRINCIPAL--NOMBRE DE PERSONA |
| Nombre de persona |
Castillo de Díaz, Carmen |
| 9 (RLIN) |
1459 |
| 245 14 - MENCIÓN DE TÍTULO |
| Título |
Los ovnis y la escuela espiritista / |
| Mención de responsabilidad, etc. |
Carmen Castillo de Díaz. |
| 260 ## - PUBLICACIÓN, DISTRIBUCIÓN, ETC. |
| Lugar de publicación, distribución, etc. |
Santo Domingo : |
| Nombre del editor, distribuidor, etc. |
La Isabela, |
| Fecha de publicación, distribución, etc. |
1979. |
| 300 ## - DESCRIPCIÓN FÍSICA |
| Extensión |
216 p. : |
| Otras características físicas |
il. ; |
| Dimensiones |
21 cm. |
| 505 0# - NOTA DE CONTENIDO CON FORMATO |
| Información miscelánea |
Prefacio -- |
| -- |
Prólogo -- |
| Título |
I: El mundo que el hombre desconoce -- |
| -- |
¿El Ovnis se crea en el momento que se hace visible o existe siempre? -- |
| -- |
Cuándo, por qué y a quién se le da avistamiento de Ovni -- |
| -- |
¿Qué son las pruebas? -- |
| -- |
Quién pone las pruebas -- |
| -- |
La confianza debe ser al Padre Creador, nosotros solo somos sus mensajeros -- |
| -- |
Por qué nos llamamos mensajeros del Padre -- |
| -- |
Cuándo visible y por qué invisibles -- |
| -- |
Los Avistamientos -- |
| -- |
El por qué de las experiencias inconscientes -- |
| -- |
Porqué no se nota nuestra colaboración más ostensiblemente -- |
| -- |
II: ¿Qué hay de cierto en todas las profecías que han sido escritas desde tiempos inmemorables para este tiempo? -- |
| -- |
El mecanismo del cumplimiento de las profecías en el plano espiritual -- |
| -- |
La necesidad para la Escuela de la prueba -- |
| -- |
Necesidad para el hombre de esa prueba -- |
| -- |
¿Qué necesidad tenía el planeta de la prueba? -- |
| -- |
La escuela espiritista en los próximos dos años -- |
| -- |
El año 1980 para la escuela -- |
| -- |
El verdadero mundo y la verdadera vida -- |
| -- |
III: El sentido verdadero de la vida -- |
| -- |
Las facultades que todos los hombres deben desarrollar en este tiempo -- |
| -- |
Intuición -- |
| -- |
Observación -- |
| -- |
La telepatía -- |
| -- |
La inspiración -- |
| -- |
IV: Los Ovnis y el espiritismo -- |
| -- |
Escuela magnético espiritual de la comuna universal -- |
| -- |
Los Ovnis y la escuela espiritista "Hija de la Verdad" -- |
| -- |
Encuentros cercanos de Tres Tipos -- |
| -- |
El mecanismo que usamos para dictar este libro -- |
| Información miscelánea |
Epílogo. |
| 590 ## - NOTA LOCAL (RLIN) |
| Nota local |
Inventariado, 2018/LP |
| 650 #4 - PUNTO DE ACCESO ADICIONAL DE MATERIA--TÉRMINO DE MATERIA |
| Término de materia o nombre geográfico como elemento de entrada |
Espiritismo |
| 9 (RLIN) |
1460 |
| 650 #4 - PUNTO DE ACCESO ADICIONAL DE MATERIA--TÉRMINO DE MATERIA |
| Término de materia o nombre geográfico como elemento de entrada |
Objetos voladores no identificados |
| 9 (RLIN) |
1461 |
| 650 #4 - PUNTO DE ACCESO ADICIONAL DE MATERIA--TÉRMINO DE MATERIA |
| Término de materia o nombre geográfico como elemento de entrada |
Percepción extrasensorial |
| 9 (RLIN) |
1462 |
| 910 ## - DATOS DE OPCIÓN DEL USUARIO (OCLC) |
| Datos de opción del usuario |
Validado. Control de calidad EMS |
| 942 ## - ELEMENTOS DE PUNTO DE ACCESO ADICIONAL (KOHA) |
| Fuente del sistema de clasificación o colocación |
Dewey Decimal Classification |
| Tipo de ítem Koha |
Libro |